000 00363 a2200169 4500
001 160935
020 _a85-16-01072-4
040 _cMagnum
100 _aGaldino, Luiz
240 1 0 _aCafé, suor e lágrimas
_lpor
245 1 0 _aCafé, suor e lágrimas
300 _a100
362 0 _a1994
440 1 _aModerna
697 _aLITERATURA JUVENIL
942 _cBK
999 _c160935
_d160935